02026nam a22002655i 450000100090000000300040000900500170001300800410003001000170007102000180008802000310010604000230013704200080016008200170016810000280018524500600021325000170027326300090029026400420029930000130034133600260035433700280038033800270040852013250043522918409OSt20231006154409.0230105s2023 meu 000 0 eng  a 2023930175 a91s1915054142 a9798885785945q(hardcover) aDLCbengerdacDLC apcc a813.6bPEN/L1 aPenner, Sarah,eauthor.14aThe London séance society :ba novel /cSarah Penner. aLarge print. a2304 1aWaterville :bThorndike Press,c2023. apages cm atextbtxt2rdacontent aunmediatedbn2rdamedia avolumebnc2rdacarrier a"Sarah Penner brings history to vivid life in this atmospheric and evocative whodunnit steeped in suspense, mystery, and illusion." --Nita Prose, #1 New York Times bestseller of The Maid From the author of the sensational bestseller The Lost Apothecary comes a spellbinding tale about truth, illusion and the grave risks women will take to avenge the ones they love. May mercy be upon the man who finds himself the enemy of a vengeful medium... 1873. At an abandoned château on the outskirts of Paris, a dark séance is about to take place, led by acclaimed spiritualist Vaudeline D'Allaire. Known worldwide for her talent in conjuring the spirits of murder victims to ascertain the identities of the people who killed them, she is highly sought after by widows and investigators alike. Lenna Wickes has come to Paris to find answers about her sister's death, but to do so, she must embrace the unknown and overcome her own logic-driven bias against the occult. When Vaudeline is beckoned to England to solve a high-profile murder, Lenna accompanies her as an understudy. But as the women team up with the powerful men of London's exclusive Séance Society to solve the mystery, they begin to suspect that they are not merely out to solve a crime, but perhaps entangled in one themselves.."--cProvided by publisher.